Obra Dinn Manifest and Deaths - Statistics

General Stats
  • This quiz has been taken 61 times
  • The average score is 32 of 60
Answer Stats
Manifest Number Who was this? What was their role? Where were they from? What was their fate? % Correct
1. Robert Witterel Captain England Suicide, gun
93%
3. Edward Nichols 2nd Mate England Shot, Chioh Tan
85%
8. Henry Evans Surgeon England Alive in Africa
85%
2. William Hoscut 1st Mate Scotland Shot, Capt. Robert Witterel
81%
19. Abigail Hoscut Witteral Passenger Scotland Crushed by the Rigging
78%
25. Chioh Tan Passenger Formosa Spiked
78%
22. Jane Bird Passenger England Alive, Africa
78%
48. Nathan Peters Seaman England Drowned (presumably)
78%
38. Huang Li Topman China Electrocuted
74%
60. Samual Peters Seaman England Crushed, Cargo
74%
7. Charles Miner Bosuns mate France Eaten, beast (Presumably)
70%
13. Emil O’Farrell Butcher Ireland Spiked
67%
21. Emily Jackson Passenger England Alive, Africa
67%
56. Henry Brennan Seaman England Knifed, Capt. Robert Witterel
67%
26. Hok-Seng Lau Passenger Formosa Executed/Shot by Henry Brennan
67%
5. John Davies 4th Mate England Clubbed, Henry Brennan
67%
4. Martin Perrott 3rd Mate England Spiked, Beast
67%
20. Nunzio Pasqua Passenger Italy Knifed, Edward Nichols
67%
23. Bun-Lam Lin Passenger Formosa Clawed
63%
45. Leonid Volkov Topman Russia Shot, Emily Jackson
63%
43. Maba Topman New Guinea Torn apart, Beast
63%
29. Paul Moss 1st Mates Steward Wales Killed with a sword, Leonid Volkov
63%
28. Fillip Dahl Captains Steward Sweden Burned
59%
6. Alfred Klestil Bosun Austria Torn apart, Beast
56%
24. It-Ben Sia Passenger Formosa Burned
56%
9. James Wallace Surgeons Mate England Decapitated
56%
34. Thomas Lanke Midshipman England Knifed, Olus Wiater (Didn’t bring a gun or a knife or a gun and knife fight)
56%
12. Thomas Sefton Cook England Hit with a beasts tail
56%
14. Christian Wolff Gunner Austria Shot with a cannon, Beast/Abraham Akbar
52%
32. Davey James 4th Mates steward England Alive, Africa
52%
15. Olus Wiater Gunners Mate Poland Shot with his own gun, John Davies
52%
33. Peter Milroy Midshipman England Killed by his own explosion
52%
54. Soloman Syed Seaman India Illness
52%
41. Wei Lee Topman China Drowned
52%
52. Abraham Akbar Seaman India Crushed, Cannon/Beast
48%
47. Aleksei Toporov Seaman Russia Drowned (presumably)
48%
35. Charles Hershtik Midshipman England Burned with his own fire
48%
49. Lars Linde Seaman Denmark Clubbed, Nathan Peters
48%
11. Marcus Gibbs Carpenters mate America Spiked
48%
31. Roderick Andersen 3rd Mates steward England Crushed by a loose cannon
48%
30. Samual Galligan 2nd Mates steward Ireland Speared
48%
10. Winston Smith Carpenter America Spiked
48%
16. Duncan McKay Purser Scotland Drowned (presumably)
44%
18. Edward Spratt Artist England Crushed, Beast
44%
58. Patrick O’Hagan Seaman Ireland Speared
44%
44. Lewis Walker Topman England Clubbed, Capt. Robert Witterel
41%
40. Li Hong Topman China Speared
41%
27. Zungi Sathi Ships Steward India (Accidentally) shot by Charles Miner
41%
46. Alarcus Nikishin Seaman Russia Drowned (presumably)
37%
55. Hamadou Diom Seaman Sierra Leone Spiked
37%
36. Omid Gul Topman Persia Fell overboard
37%
57. Alexander Booth Seaman England Drowned (presumably)
30%
17. Finley Dalton Helmsman England Drowned (presumably)
30%
59. George Shirley Seaman England Eaten by the kraken (presumably)
30%
39. Jie Zhang Topman China Decapitated
30%
42. Nicholas Botterhill Topman England Spiked
30%
53. William Wasim Seaman India Crushed, Cargo
26%
50. John Naples Seaman Wales Torn apart, Fillip Dahl
22%
37. Timothy Buteman Topman Scotland Shot, Edward Nichols
19%
51. Renfred Rujab Seman India Illness
4%
No matching quizzes found
Score Distribution
Percent of People with Each Score
Percentile by Number Answered
Your Score History
You have not taken this quiz